Catálogo
 En Linea

Memorias de campaña : (Registro nro. 12666)

Detalles MARC
000 -CABECERA
campo de control de longitud fija 00929cam a2200253 a 4500
001 - NÚMERO DE CONTROL
campo de control 000013019
005 - FECHA Y HORA DE LA ÚLTIMA TRANSACCIÓN
campo de control 20200929163126.0
008 - DATOS DE LONGITUD FIJA--INFORMACIÓN GENERAL
campo de control de longitud fija 940107s1971 mx 001 p spa d
040 ## - FUENTE DE LA CATALOGACIÓN
Centro catalogador/agencia de origen DO-SdBNP
Lengua de catalogación spa
Centro/agencia transcriptor GFbASA
Centro/agencia modificador DLC
-- BNPHU
082 ## - NÚMERO DE LA CLASIFICACIÓN DECIMAL DEWEY
Número de clasificación Me863.42
Número de documento/Ítem U79m
049 ## - FONDOS LOCALES (OCLC)
Fondos de biblioteca BNGR
100 1# - ENTRADA PRINCIPAL--NOMBRE DE PERSONA
Nombre de persona Francisco Luis Urquizo Benavides
Forma completa/desarrollada del nombre (Francisco Luis Urquizo Benavides)
Fechas asociadas al nombre 1891-1969
9 (RLIN) 30047
245 10 - MENCIÓN DE TÍTULO
Título Memorias de campaña :
Resto del título de subteniente a general /
Mención de responsabilidad, etc. Francisco L. Urquizo.
260 ## - PUBLICACIÓN, DISTRIBUCIÓN, ETC.
Lugar de publicación, distribución, etc. México :
Nombre del editor, distribuidor, etc. Fondo de Cultura Económica,
Fecha de publicación, distribución, etc. 1971.
300 ## - DESCRIPCIÓN FÍSICA
Extensión 159 p. ;
Dimensiones 17 cm.
490 1# - MENCIÓN DE SERIE
Mención de serie Popular
Designación de volumen o secuencia 102
500 ## - NOTA GENERAL
Nota general PRIMERA REIMPRESIÓN 1975
650 #4 - PUNTO DE ACCESO ADICIONAL DE MATERIA--TÉRMINO DE MATERIA
Término de materia o nombre geográfico como elemento de entrada Narrativa mexicana
9 (RLIN) 30048
651 #4 - PUNTO DE ACCESO ADICIONAL DE MATERIA--NOMBRE GEOGRÁFICO
Nombre geográfico México
Subdivisión general Historia
-- Relatos Personales
Subdivisión cronológica SIGLO XX
9 (RLIN) 30049
651 #4 - PUNTO DE ACCESO ADICIONAL DE MATERIA--NOMBRE GEOGRÁFICO
Nombre geográfico México
Subdivisión general Historia
Subdivisión cronológica 1910-1946
Subdivisión general Ficción
9 (RLIN) 30050
600 14 - PUNTO DE ACCESO ADICIONAL DE MATERIA--NOMBRE DE PERSONA
Nombre de persona CARRANZA, VENUSTINO,
Fechas asociadas al nombre 1859-1920.
9 (RLIN) 30051
830 #0 - PUNTO DE ACCESO ADICIONAL DE SERIE-TÍTULO UNIFORME
Título uniforme Popular ;
Designación de volumen o secuencia 102
9 (RLIN) 13374
910 ## - DATOS DE OPCIÓN DEL USUARIO (OCLC)
Datos de opción del usuario Catalogación derivada
Existencias
Estado de retiro Estado de pérdida Restricciones de uso No para préstamo Código de colección Localización permanente Ubicación/localización actual Ubicación en estantería Fecha de adquisición Número de inventario Total de préstamos Signatura topográfica completa Código de barras Fecha visto por última vez Precio válido a partir de Tipo de ítem Koha
    Préstamo interno   Monografías: Libros y Folletos General General En catalogación 19.11.2009 LF1   Me863.42 U79m 13019-10 25.06.2020 25.06.2020 Préstamo interno

Con tecnología Koha